Určovanie dynamických vlastností mostných konštrukcií pomocou optických snímačov
Gespeichert in:
| 1. Verfasser: | |
|---|---|
| Weitere Verfasser: | |
| Format: | Manuskript Buch |
| Sprache: | Slowakisch |
| Veröffentlicht: |
2015
|
| Schlagworte: | |
| Online-Zugang: | http://is.stuba.sk/zp/portal_zp.pl?podrobnosti=109394 https://opac.crzp.sk/?fn=detailBiblioForm&sid=D6D76FDBEB5D0472DB73CCD57304 |
| Tags: |
Keine Tags, Fügen Sie das erste Tag hinzu!
|
MARC
| LEADER | 00000ntm a22000003a 4500 | ||
|---|---|---|---|
| 001 | stuzp51194 | ||
| 003 | SK-STU | ||
| 005 | 20231013102644.6 | ||
| 007 | ta | ||
| 008 | 150427s2015----xo-----f-mn---000-0-slo-d | ||
| 040 | |a STU |b slo | ||
| 041 | 0 | |a slo | |
| 100 | 1 | |a Hlavina, Michal |u 010140 |4 aut |U SvF Stavebná fakulta |T SvF Katedra geodézie |X 7214 |U V140 |Y 14 |7 A000007214 | |
| 242 | 0 | 1 | |a Determination of dynamic characteristics of bridge structure using fiber optic sensors |y eng |
| 245 | 1 | 0 | |a Určovanie dynamických vlastností mostných konštrukcií pomocou optických snímačov |
| 260 | |c 2015 | ||
| 650 | 4 | |a spektrálna analýza |2 slo | |
| 650 | 4 | |a optické vlákno |2 slo | |
| 650 | 4 | |a FBG snímače |2 slo | |
| 650 | 4 | |a snímače na báze optických vlákien |2 slo | |
| 650 | 4 | |a snímač zrýchlenia |2 slo | |
| 650 | 4 | |a fiber optic sensors |2 eng | |
| 650 | 4 | |a optical fiber |2 eng | |
| 650 | 4 | |a FBG sensors |2 eng | |
| 650 | 4 | |a accelerometer |2 eng | |
| 650 | 4 | |a spectral analysis |2 eng | |
| 700 | 1 | |a Lipták, Imrich |4 ths |X 23484 |7 A000023484 | |
| 856 | 4 | |u http://is.stuba.sk/zp/portal_zp.pl?podrobnosti=109394 | |
| 856 | 4 | |u https://opac.crzp.sk/?fn=detailBiblioForm&sid=D6D76FDBEB5D0472DB73CCD57304 | |
| SQL | |a stuzp51194 |b DDP |c SLO |d Určovanie dynamických vlastností mostných konštrukcií pomocou optických snímačov |e 7214 |f Hlavina, Michal |g 010140 |h 23484 |i Lipták, Imrich |j 20150616 |k 12 |l 01 |m http://is.stuba.sk/zp/portal_zp.pl?podrobnosti=109394 |n I-GAK |o 5.1.3. geodézia a kartografia | ||